Mary Tyler Moore Characters Slideshow Quiz Stats

 Plays Quiz not verified by Sporcle

Score 0/9 Timer 04:00
0 Plays Today
% Correct
Mary Richards
99.4%
Rhoda Morgenstern
98.1%
Lou Grant
95.2%
Ted Baxter
94.8%
Phyllis Lindstrom
89.4%
Murray Slaughter
84.8%
Sue Ann Nivens
75.6%
Georgette Franklin Baxter
73.1%
Gordy Howard
50.6%

You're not logged in!

Compare scores with friends on all Sporcle quizzes.
OR
Log In

You Might Also Like...

Show Comments

Extras

Top Quizzes Today


Score Distribution

Your Account Isn't Verified!

In order to create a playlist on Sporcle, you need to verify the email address you used during registration. Go to your Sporcle Settings to finish the process.

Report this User

Report this user for behavior that violates our Community Guidelines.

Details: